• 首页
  • 本馆介绍
  • 公告通知
  • 最新文献
  • 馆藏检索
  • 电子资源
  • 读者导购
  • 参考咨询
  • 我的图书馆
  • 登录
  • 详细信息显示
  • 放入我的书架
  • 预约/预借图书
  • 作者相关作品
  • 分类相关作品
  • 丛书相关作品
  • 出版社相关作品

书目信息

  • 表格格式
  • 工作单格式
  • 卡片格式
题名:
轮滑
    
 
作者: 韦见凡 编著
分册:  
出版信息: 北京   北京体育大学出版社  2003
页数: 306
开本: 19cm
丛书名:
单 册:
中图分类: G862.8
科图分类:
主题词: 水上运动 , 冰上运动 , 雪上运动
电子资源:
ISBN: 7-81051-967-0
000 00546nam0 2200205 450
001 0736480453
005 20070817100800.46
010    @a7-81051-967-0@d¥18.00
100    @a20070817d km y0chiy0120 ea
101 0  @achi
200 1  @a轮滑@Alun hua@f韦见凡编著@Fwei jian fan bian zhu
210    @a北京@c北京体育大学出版社@d2003
215    @a306@d19cm
606 0  @a水上运动
606 0  @a冰上运动
606 0  @a雪上运动
690    @aG862.8@v3
701  0 @a韦见凡@Awei jian fan@4编著
801  0 @aCN@bPFT@c20070817
905    @a213230@dG862.8@et28@f1
    
    轮滑/韦见凡编著.-北京:北京体育大学出版社,2003
    306;19cm
    
    
    ISBN 7-81051-967-0:¥18.00
    
●
相关链接 在E读中查询图书 在五车中查询图书 在当当中查询图书 在豆瓣中查询图书


正题名:轮滑     索取号:G862.8/t28         预约/预借

序号 登录号 条形码 馆藏地/架位号 状态 备注
1 6903484   269034840   体育系资料室/ [索取号:G862.8/t28] 在馆    
唐山师范学院图书馆 欢迎您!
大连网信软件有限公司© 版权所有